Mesyuarat Agong GAPENA (1986 : Kuala Lumpur) (Record no. 9633)

MARC details
000 -LEADER
fixed length control field 00672nam a2200229 i 4500
001 - CONTROL NUMBER
control field C2-0072767
003 - CONTROL NUMBER IDENTIFIER
control field PPAK
005 - DATE AND TIME OF LATEST TRANSACTION
control field 20190630222218.0
008 - FIXED-LENGTH DATA ELEMENTS--GENERAL INFORMATION
fixed length control field 970429s1986 my |||| ||||| | may d
040 ## - CATALOGING SOURCE
Original cataloging agency PPAK
Language of cataloging eng
Transcribing agency PPAK
Description conventions rda
082 04 - DEWEY DECIMAL CLASSIFICATION NUMBER
Classification number 899.23
Edition number 23
090 00 - LOCALLY ASSIGNED LC-TYPE CALL NUMBER (OCLC); LOCAL CALL NUMBER (RLIN)
Classification number (OCLC) (R) ; Classification number, CALL (RLIN) (NR) 899.23
Feature heading MES
Feature heading KSS
245 00 - TITLE STATEMENT
Title Mesyuarat Agong GAPENA (1986 : Kuala Lumpur)
264 #1 - PRODUCTION, PUBLICATION, DISTRIBUTION, MANUFACTURE, AND COPYRIGHT NOTICE
Place of production, publication, distribution, manufacture Kuala Lumpur :
Name of producer, publisher, distributor, manufacturer Dewan Bahasa dan Pustaka ,
Date of production, publication, distribution, manufacture, or copyright notice 1986
300 ## - PHYSICAL DESCRIPTION
Dimensions 28 cm
336 ## - CONTENT TYPE
Source rdacontent
Content type term text
337 ## - MEDIA TYPE
Source rdamedia
Media type term unmediated
338 ## - CARRIER TYPE
Source rdacarrier
Carrier type term volume
500 ## - GENERAL NOTE
General note 1 Jil. [Muka surat pelbagai) ; Penyata ; Mesyuarat Agung ke XV
650 10 - SUBJECT ADDED ENTRY--TOPICAL TERM
Topical term or geographic name entry element Authors, Malay - Congresses
942 ## - ADDED ENTRY ELEMENTS (KOHA)
-- dc
Koha item type Book
Holdings
Withdrawn Not for loan Current library Shelving location Date acquired Full call number Barcode Date last seen Koha item type Total Checkouts
  Not For Loan Perpustakaan Alor Setar Koleksi Shaidun Shaari 06/08/2007 KSS 899.23 MES A00507002 08/05/2018 Book  
  Not For Loan Perpustakaan Alor Setar Koleksi Ismail Hussein 13/05/2025 KIH 899.23 MES A00181365 13/05/2025 Book  
  Not For Loan Perpustakaan Alor Setar Koleksi Ismail Hussein 13/05/2025 KIH 899.23 MES A00181366 13/05/2025 Book